[Event "London PD/GLC Knights"]
[Site "London, County Hall"]
[Date "1984.04.29"]
[Round "4"]
[White "Arkell, Keith C"]
[Black "Littlewood, Paul E"]
[Result "0-1"]
[WhiteElo "2295"]
[BlackElo "2475"]
[PlyCount "92"]
[EventDate "1984.04.26"]
[EventType "tourn"]
[EventRounds "15"]
[EventCountry "ENG"]
[EventCategory "4"]
[SourceTitle "BritBase"]
[Source "John Saunders"]
[SourceDate "2020.09.07"]
[SourceVersion "1"]
[SourceVersionDate "2020.09.07"]
[SourceQuality "2"]

1. d4 Nf6 2. c4 e6 3. g3 c5 4. Nf3 cxd4 5. Nxd4 Qb6 6. Bg2 Bc5 7. e3 Nc6 8. Nb3
Bb4+ 9. Bd2 Ne5 10. Qe2 d5 11. cxd5 exd5 12. O-O Bg4 13. f3 Bf5 14. Bxb4 Qxb4
15. Rd1 Qc4 16. Qd2 O-O 17. Na3 Qa6 18. Nd4 Bg6 19. Rac1 Rac8 20. Rxc8 Rxc8 21.
Rc1 Re8 22. Rc3 Qa5 23. g4 h6 24. h3 Nc4 25. Qc1 Nd6 26. Rc5 Qb6 27. Rc3 Qd8
28. Nab5 Nxb5 29. Nxb5 d4 30. Nxd4 Nd5 31. Rb3 Nxe3 32. Rxe3 Qxd4 33. Kf2 Rxe3
34. Qxe3 Qxb2+ 35. Kg3 Qxa2 36. f4 Bc2 37. Qe8+ Kh7 38. Be4+ Bxe4 39. Qxe4+ g6
40. Qxb7 a5 41. f5 gxf5 42. Qb5 Qe6 43. Qxa5 Qe3+ 44. Kg2 Qe4+ 45. Kg3 f4+ 46.
Kh2 Qe2+ 0-1

[Event "London PD/GLC Knights"]
[Site "London, County Hall"]
[Date "1984.04.29"]
[Round "4"]
[White "Britton, Richard"]
[Black "Crouch, Colin S"]
[Result "0-1"]
[WhiteElo "2310"]
[BlackElo "2300"]
[PlyCount "180"]
[EventDate "1984.04.26"]
[EventType "tourn"]
[EventRounds "15"]
[EventCountry "ENG"]
[EventCategory "4"]
[SourceTitle "BritBase"]
[Source "John Saunders"]
[SourceDate "2020.09.07"]
[SourceVersion "1"]
[SourceVersionDate "2020.09.07"]
[SourceQuality "2"]

1. e4 c5 2. Nf3 d6 3. d4 cxd4 4. Nxd4 Nf6 5. Nc3 Nc6 6. g3 h5 7. h3 a6 8. Bg2
Bd7 9. Nde2 e6 10. O-O Qc7 11. Be3 Ne5 12. b3 h4 13. f4 Nc6 14. g4 g5 15. f5
Nh7 16. Na4 Ne5 17. Nb6 Rd8 18. c4 Bc6 19. a4 Bg7 20. a5 Nd7 21. Rc1 Bb2 22.
Rc2 Be5 23. b4 Qb8 24. Qd3 exf5 25. exf5 Bxg2 26. Kxg2 Nxb6 27. Bxb6 Rd7 28.
Nc3 O-O 29. Ne4 f6 30. Qd5+ Rff7 31. Rd1 Qc8 32. Rcd2 Nf8 33. Rd3 Kg7 34. Kf3
Rfe7 35. Rb3 Re8 36. b5 Rde7 37. c5 dxc5 38. Bxc5 Rc7 39. bxa6 bxa6 40. Rb6 $2
Nd7 41. Bg1 Nxb6 42. axb6 Rce7 43. Nc5 Kh6 44. Rd3 Bb8 45. Be3 Re5 46. Qf7
Rxe3+ 47. Rxe3 Rxe3+ 48. Kxe3 Qxc5+ 49. Kd3 Qa3+ 50. Ke4 Qb4+ 51. Kd3 Qb1+ 52.
Ke2 Qc2+ 53. Kf3 Qd3+ 54. Kg2 Qe2+ 55. Kg1 Qe1+ 56. Kg2 Qg3+ 57. Kf1 Qxh3+ 58.
Ke1 Qe3+ 59. Kd1 Qd3+ 60. Kc1 Bf4+ 61. Kb2 Be5+ 62. Kc1 Qf1+ 63. Kd2 Bf4+ 64.
Kc2 Qc1+ 65. Kb3 Qd1+ 66. Kb4 Bd6+ 67. Kc3 Be5+ 68. Kc4 Qc2+ 69. Kb4 Qb2+ 70.
Ka4 Qb5+ 71. Ka3 Qa5+ 72. Kb3 Qxb6+ 73. Ka3 Qa5+ 74. Kb3 Qb5+ 75. Kc2 Qb2+ 76.
Kd1 Qb1+ 77. Kd2 Bf4+ 78. Kc3 Qc1+ 79. Kb3 Qd1+ 80. Kb4 Bd2+ 81. Kc5 Qc2+ 82.
Kb6 Be3+ 83. Kb7 Qe4+ 84. Kc7 Qe5+ 85. Kb7 Qb5+ 86. Ka8 Qc6+ 87. Kb8 Bf4+ 88.
Ka7 Qc7+ 89. Qxc7 Bxc7 90. Kxa6 h3 0-1

[Event "London PD/GLC Knights"]
[Site "London, County Hall"]
[Date "1984.04.29"]
[Round "4"]
[White "Condie, Mark L"]
[Black "Johansen, Darryl Keith"]
[Result "1/2-1/2"]
[WhiteElo "2340"]
[BlackElo "2475"]
[PlyCount "32"]
[EventDate "1984.04.26"]
[EventType "tourn"]
[EventRounds "15"]
[EventCountry "ENG"]
[EventCategory "4"]
[SourceTitle "BritBase"]
[Source "John Saunders"]
[SourceDate "2020.09.07"]
[SourceVersion "1"]
[SourceVersionDate "2020.09.07"]
[SourceQuality "2"]

1. d4 d5 2. Nf3 Nf6 3. c4 dxc4 4. e3 Bg4 5. Bxc4 e6 6. h3 Bh5 7. Nc3 a6 8. g4
Bg6 9. Ne5 Nbd7 10. Nxg6 hxg6 11. Qf3 c6 12. Bd2 Be7 13. O-O-O b5 14. Bd3 Nd5
15. e4 Nxc3 16. Bxc3 b4 1/2-1/2

[Event "London PD/GLC Knights"]
[Site "London, County Hall"]
[Date "1984.04.29"]
[Round "4"]
[White "Hartoch, Robert"]
[Black "Large, Peter G"]
[Result "1/2-1/2"]
[WhiteElo "2355"]
[BlackElo "2295"]
[PlyCount "30"]
[EventDate "1984.04.26"]
[EventType "tourn"]
[EventRounds "15"]
[EventCountry "ENG"]
[EventCategory "4"]
[SourceTitle "BritBase"]
[Source "John Saunders"]
[SourceDate "2020.09.07"]
[SourceVersion "1"]
[SourceVersionDate "2020.09.07"]
[SourceQuality "2"]

1. Nf3 Nf6 2. d4 d5 3. Bf4 c5 4. e3 Nc6 5. c3 e6 6. Nbd2 Bd6 7. dxc5 Bxc5 8.
Bd3 Bd6 9. Bg5 h6 10. Bh4 Be7 11. Nd4 e5 12. Nxc6 bxc6 13. Bg3 Bd6 14. O-O O-O
15. c4 Rb8 1/2-1/2

[Event "London PD/GLC Knights"]
[Site "London, County Hall"]
[Date "1984.04.29"]
[Round "4"]
[White "Nicholson, John G"]
[Black "Lawton, Geoffrey W"]
[Result "0-1"]
[WhiteElo "2260"]
[BlackElo "2395"]
[PlyCount "78"]
[EventDate "1984.04.26"]
[EventType "tourn"]
[EventRounds "15"]
[EventCountry "ENG"]
[EventCategory "4"]
[SourceTitle "BritBase"]
[Source "John Saunders"]
[SourceDate "2020.09.07"]
[SourceVersion "1"]
[SourceVersionDate "2020.09.07"]
[SourceQuality "2"]

1. e4 d6 2. d4 Nf6 3. Nc3 g6 4. Nf3 Bg7 5. Be2 O-O 6. O-O Bg4 7. Be3 Nc6 8. Qd2
e5 9. dxe5 dxe5 10. Rad1 Qc8 11. Qc1 Rd8 12. Rxd8+ Nxd8 13. Rd1 Ne6 14. h3 Bxf3
15. Bxf3 c6 16. Nb1 Bf8 17. Nd2 b5 18. c3 Bc5 19. Nf1 Bxe3 20. Qxe3 Qc7 21. a4
bxa4 22. Ra1 Qb6 23. Rxa4 Qxb2 24. Be2 Qc2 25. Ra6 Qxe4 26. Qxe4 Nxe4 27. Rxc6
a5 28. Ne3 a4 29. Bc4 Nd8 30. Rc7 Nxc3 31. Bxf7+ Nxf7 32. Rxc3 a3 33. Rc1 Nd6
34. Ra1 Nb5 35. Nd5 Kf7 36. Kf1 Ke6 37. Nb6 Ra6 38. Nc4 a2 39. Ke1 Nd4 0-1

[Event "London PD/GLC Knights"]
[Site "London, County Hall"]
[Date "1984.04.30"]
[Round "5"]
[White "Cox, John J"]
[Black "Condie, Mark L"]
[Result "1/2-1/2"]
[WhiteElo "2350"]
[BlackElo "2340"]
[PlyCount "130"]
[EventDate "1984.04.26"]
[EventType "tourn"]
[EventRounds "15"]
[EventCountry "ENG"]
[EventCategory "4"]
[SourceTitle "BritBase"]
[Source "John Saunders"]
[SourceDate "2020.09.07"]
[SourceVersion "1"]
[SourceVersionDate "2020.09.07"]
[SourceQuality "2"]

1. g3 d5 2. Bg2 Nf6 3. c4 c6 4. cxd5 cxd5 5. d4 Nc6 6. Nc3 Bf5 7. Nf3 e6 8. O-O
Be7 9. Qb3 Qd7 10. Ne5 Qc8 11. Nxc6 bxc6 12. Bf4 Nh5 13. Bc1 Rb8 14. Qd1 Nf6
15. b3 Qa6 16. Na4 Nd7 17. Be3 O-O 18. Qd2 Rfc8 19. Rfd1 h6 20. Bf1 Bb4 21. Qc1
Qa5 22. Bf4 Ra8 23. a3 Be7 24. Bd2 Qd8 25. b4 Bf6 26. Bc3 Qe7 27. e3 e5 28. Nc5
Nxc5 29. bxc5 Rcb8 30. Rd2 exd4 31. Bxd4 Rb3 32. Rb2 Bxd4 33. exd4 Rab8 34.
Rxb3 Rxb3 35. Qd2 Be4 36. Re1 Qf6 37. Re3 Rb1 38. h4 Qf5 39. f3 $1 Bxf3 40. Qf2
Be4 41. Qxf5 Bxf5 42. Re8+ Kh7 43. Kf2 Rd1 44. Re7 Be6 45. Rxa7 Rxd4 46. Ke3
Rd1 47. Bd3+ g6 48. h5 d4+ 49. Kxd4 Bf5 50. Rxf7+ Kg8 51. Rxf5 gxf5 52. Kc4 Rg1
53. Bxf5 Rxg3 54. Kb4 Kf7 55. Bd7 Ke7 56. Bxc6 Rh3 57. a4 Kd8 58. a5 Kc7 59.
Be8 Rh2 60. a6 Re2 61. Bb5 Rb2+ 62. Ka4 Rc2 63. Kb4 Rb2+ 64. Ka5 Rc2 65. c6 Rf2
1/2-1/2

[Event "London PD/GLC Knights"]
[Site "London, County Hall"]
[Date "1984.04.30"]
[Round "5"]
[White "Crouch, Colin S"]
[Black "Fischdick, Gisela"]
[Result "1-0"]
[WhiteElo "2300"]
[BlackElo "2215"]
[PlyCount "115"]
[EventDate "1984.04.26"]
[EventType "tourn"]
[EventRounds "15"]
[EventCountry "ENG"]
[EventCategory "4"]
[SourceTitle "BritBase"]
[Source "John Saunders"]
[SourceDate "2020.09.07"]
[SourceVersion "1"]
[SourceVersionDate "2020.09.07"]
[SourceQuality "2"]

1. d4 Nf6 2. c4 e6 3. Nf3 d5 4. Nc3 Bb4 5. cxd5 exd5 6. Bg5 Qd6 7. Nd2 c6 8. e3
O-O 9. Bd3 Re8 10. O-O Nbd7 11. Qf3 Nf8 12. h3 Qe6 13. Bxf6 Qxf6 14. Qxf6 gxf6
15. a3 Bd6 16. Rae1 Ng6 17. f4 f5 18. Kf2 Bd7 19. Rg1 b5 20. g4 fxg4 21. hxg4
a5 22. Nf3 b4 23. axb4 axb4 24. Nd1 c5 25. f5 Nf8 26. Rh1 c4 27. Bc2 Ra1 28. f6
Ba4 29. Bxa4 Rxa4 30. Rh5 Re6 31. Rxd5 Rxf6 32. e4 Rg6 33. Nh4 Rh6 34. Nf5 Rh2+
35. Kg1 Bf4 36. Ne7+ Kg7 37. Rf5 Bb8 38. Ref1 Ng6 39. Rxf7+ Kh6 40. Ng8+ Kg5
41. R7f5+ Kxg4 42. Nf6+ Kh3 43. Nf2+ Rxf2 44. Kxf2 Bg3+ 45. Ke3 Nh4 46. Rh1+
Kg2 47. Rff1 Bf2+ 48. Rxf2+ Kxh1 49. Kf4 Ra1 50. Kg3 Ng6 51. Nxh7 Rg1+ 52. Kh3
Re1 53. Ng5 Re3+ 54. Nf3 Nf4+ 55. Kg3 Ne2+ 56. Kg4 Rxe4+ 57. Kg5 Nxd4 58. Rh2#
1-0

[Event "London PD/GLC Knights"]
[Site "London, County Hall"]
[Date "1984.04.30"]
[Round "5"]
[White "Large, Peter G"]
[Black "Jackson, Sheila"]
[Result "1-0"]
[WhiteElo "2295"]
[BlackElo "2185"]
[PlyCount "89"]
[EventDate "1984.04.26"]
[EventType "tourn"]
[EventRounds "15"]
[EventCountry "ENG"]
[EventCategory "4"]
[SourceTitle "BritBase"]
[Source "John Saunders"]
[SourceDate "2020.09.07"]
[SourceVersion "1"]
[SourceVersionDate "2020.09.07"]
[SourceQuality "2"]

1. e4 e5 2. Nf3 Nc6 3. Bb5 a6 4. Ba4 Nf6 5. O-O Be7 6. Re1 b5 7. Bb3 d6 8. c3
O-O 9. h3 Nb8 10. d4 Nbd7 11. Nbd2 Bb7 12. Bc2 Re8 13. Nf1 d5 14. exd5 exd4 15.
Nxd4 Nxd5 16. Qd3 Nf8 17. Nf5 Bf6 18. Qg3 Qd7 19. Bg5 Bxg5 20. Qxg5 Ng6 21. h4
h6 22. Qg3 Ndf4 23. N1e3 Be4 24. Bxe4 Rxe4 25. Qf3 Rae8 26. h5 Nd3 (26... Nf8
27. Ng3 $18) 27. hxg6 Nxe1 28. gxf7+ Qxf7 29. Rxe1 R4e5 (29... Qxa2 30. Qg3 $18
) 30. Rd1 Rf8 31. Nh4 Qe6 32. Qg3 Rf7 33. Nf3 Re4 34. a3 Kh7 35. Nd4 Qa2 36.
Nef5 Qxb2 $2 37. Qd3 $18 Rf4 38. Ne7+ Kh8 39. Ng6+ Kg8 40. Nxf4 Rxf4 41. Qe3
Rf6 42. Ne6 Qxa3 43. Rd8+ Kh7 (43... Kf7 44. Rd7+ Kg8 45. Rxg7+ Kh8 46. Qe4 $18
) 44. Qd3+ g6 45. Qd7+ 1-0

[Event "London PD/GLC Knights"]
[Site "London, County Hall"]
[Date "1984.04.30"]
[Round "5"]
[White "Lawton, Geoffrey W"]
[Black "Arkell, Keith C"]
[Result "1-0"]
[WhiteElo "2395"]
[BlackElo "2295"]
[PlyCount "153"]
[EventDate "1984.04.26"]
[EventType "tourn"]
[EventRounds "15"]
[EventCountry "ENG"]
[EventCategory "4"]
[SourceTitle "BritBase"]
[Source "John Saunders"]
[SourceDate "2020.09.07"]
[SourceVersion "1"]
[SourceVersionDate "2020.09.07"]
[SourceQuality "2"]

1. e4 c6 2. d4 d5 3. exd5 cxd5 4. c4 Nf6 5. Nc3 g6 6. Qb3 Bg7 7. cxd5 O-O 8.
Be2 Nbd7 9. Bf3 Nb6 10. Nge2 Bg4 11. Bxg4 Nxg4 12. a4 Qd7 13. a5 Nc8 14. O-O
Nd6 15. Bf4 Nf5 16. Ra4 Rfd8 17. Rb4 b6 18. axb6 axb6 19. Na4 Ra6 20. h3 Nf6
21. Nxb6 Qa7 22. Rc1 Ra1 23. Qd1 Qa5 24. Rxa1 Qxb4 25. Bc7 Rf8 26. b3 Qb5 27.
Nc3 Qb4 28. Ne2 Qb5 29. Rc1 Ne4 30. Qc2 Ned6 31. Nc4 Qxd5 32. Bxd6 Nxd6 33.
Nxd6 Qxd6 34. Qc6 Qa3 35. Qc5 Qb2 36. Qxe7 Bxd4 37. Qe4 Bf6 38. Rb1 Qa2 39. b4
Kg7 40. Nc1 Qa4 41. Nd3 Re8 42. Qc4 Rd8 43. Nc5 Qa3 44. Qb3 Qa7 45. Ne4 Be5 46.
b5 Rd4 47. Ng5 Qd7 48. Nf3 Rd3 49. Qa4 Rxf3 50. gxf3 Qxh3 51. f4 Qg4+ 52. Kf1
Qf3 53. Kg1 Qg4+ 54. Kf1 Qf3 55. Rd1 Bxf4 56. Qd4+ Kg8 57. Qd8+ Kg7 58. Qd4+
Kg8 59. Qd5 Qh3+ 60. Ke2 Qg4+ 61. f3 Qg2+ 62. Kd3 h5 63. Qe4 g5 64. Kc3 Qg3 65.
Rd8+ Kg7 66. Re8 g4 67. Qd4+ Kg6 68. Rg8+ Kf5 69. Qd7+ Kf6 70. Qd8+ Kf5 71.
Qd7+ Kf6 72. Qd8+ Kf5 73. Qd3+ Kf6 74. fxg4 h4 75. Kc4 Bd6 76. Qf5+ Ke7 77.
Qg5+ (77. Qg5+ f6 (77... Kd7 78. Qd8+ Ke6 79. Re8+ Be7 80. Qxe7#) 78. Qg7+ Ke6
79. Re8+ Be7 80. Qxe7#) 1-0

[Event "London PD/GLC Knights"]
[Site "London, County Hall"]
[Date "1984.04.30"]
[Round "5"]
[White "Littlewood, Paul E"]
[Black "Hartoch, Robert"]
[Result "1/2-1/2"]
[WhiteElo "2435"]
[BlackElo "2355"]
[PlyCount "50"]
[EventDate "1984.04.26"]
[EventType "tourn"]
[EventRounds "15"]
[EventCountry "ENG"]
[EventCategory "4"]
[SourceTitle "BritBase"]
[Source "John Saunders"]
[SourceDate "2020.09.07"]
[SourceVersion "1"]
[SourceVersionDate "2020.09.07"]
[SourceQuality "2"]

1. d4 Nf6 2. c4 c5 3. d5 e6 4. Nc3 exd5 5. cxd5 g6 6. e4 d6 7. f4 Bg7 8. Bb5+
Nbd7 9. e5 dxe5 10. fxe5 Nh5 11. e6 Qh4+ 12. g3 Nxg3 13. Nf3 Bxc3+ 14. bxc3
Qe4+ 15. Kf2 Nxh1+ 16. Qxh1 fxe6 17. dxe6 O-O 18. exd7 Bxd7 19. Bxd7 Rf7 20.
Bb5 c4 21. Bh6 Qh4+ 22. Kg2 Qg4+ 23. Kf2 Qh4+ 24. Kg2 Qg4+ 25. Kf2 Qh4+ 1/2-1/2

[Event "London PD/GLC Knights"]
[Site "London, County Hall"]
[Date "1984.05.01"]
[Round "6"]
[White "Arkell, Keith C"]
[Black "Hartoch, Robert"]
[Result "1/2-1/2"]
[WhiteElo "2295"]
[BlackElo "2355"]
[PlyCount "85"]
[EventDate "1984.04.26"]
[EventType "tourn"]
[EventRounds "15"]
[EventCountry "ENG"]
[EventCategory "4"]
[SourceTitle "BritBase"]
[Source "John Saunders"]
[SourceDate "2020.09.07"]
[SourceVersion "1"]
[SourceVersionDate "2020.09.07"]
[SourceQuality "2"]

1. d4 Nf6 2. Nf3 d5 3. Bf4 c5 4. c3 e6 5. Nbd2 Nc6 6. e3 Bd6 7. Ne5 Qc7 8. Ndf3
Ne4 9. Bd3 f6 10. Nxc6 Bxf4 11. exf4 Qxc6 12. Qc2 b6 13. O-O Bb7 14. Rfe1 c4
15. Bf1 O-O 16. g3 Rae8 17. Bg2 Bc8 18. Re3 Bd7 19. Rae1 Nd6 20. Bh3 Nb5 21.
Bg4 Qc8 22. h4 Nd6 23. R3e2 Nf5 24. Qd2 b5 25. Bh3 h5 26. Bg2 g6 27. Nh2 Kg7
28. Nf1 Bc6 29. Ne3 Nd6 30. Nc2 Nf5 31. Bh3 Bd7 32. Ne3 Qc6 33. Qd1 Qd6 34. Rd2
Rh8 35. Bg2 Kf7 36. Qf3 Bc6 37. Rde2 Bd7 38. Nxf5 gxf5 39. Rd2 Kg6 40. Qd1 Rb8
41. b4 Ra8 42. Bf3 a5 43. a3 1/2-1/2

[Event "London PD/GLC Knights"]
[Site "London, County Hall"]
[Date "1984.05.01"]
[Round "6"]
[White "Britton, Richard"]
[Black "Johansen, Darryl Keith"]
[Result "0-1"]
[WhiteElo "2310"]
[BlackElo "2475"]
[PlyCount "68"]
[EventDate "1984.04.26"]
[EventType "tourn"]
[EventRounds "15"]
[EventCountry "ENG"]
[EventCategory "4"]
[SourceTitle "BritBase"]
[Source "John Saunders"]
[SourceDate "2020.09.07"]
[SourceVersion "1"]
[SourceVersionDate "2020.09.07"]
[SourceQuality "2"]

1. e4 c5 2. Nf3 e6 3. d3 Nc6 4. g3 d5 5. Nbd2 g6 6. Bg2 Bg7 7. O-O Nge7 8. Re1
b6 9. e5 Qc7 10. Qe2 h6 11. h4 g5 12. h5 Bd7 13. Bh3 O-O 14. Nf1 f6 15. exf6
Rxf6 16. N1h2 Raf8 17. c3 e5 18. Bg2 R6f7 19. Be3 Qd6 20. Rf1 b5 21. Rae1 Bf5
22. Rd1 a5 23. Ne1 Be6 24. Bc1 Nf5 25. b3 Qd7 26. Nc2 Kh8 27. a4 b4 28. c4 Ncd4
29. Nxd4 Nxd4 30. Qa2 dxc4 31. dxc4 Bg4 32. Nxg4 Qxg4 33. Bd5 Ne2+ 34. Kg2
Rxf2+ $1 0-1

[Event "London PD/GLC Knights"]
[Site "London, County Hall"]
[Date "1984.05.01"]
[Round "6"]
[White "Condie, Mark L"]
[Black "Large, Peter G"]
[Result "0-1"]
[WhiteElo "2340"]
[BlackElo "2295"]
[PlyCount "104"]
[EventDate "1984.04.26"]
[EventType "tourn"]
[EventRounds "15"]
[EventCountry "ENG"]
[EventCategory "4"]
[SourceTitle "BritBase"]
[Source "John Saunders"]
[SourceDate "2020.09.07"]
[SourceVersion "1"]
[SourceVersionDate "2020.09.07"]
[SourceQuality "2"]

1. d4 e6 2. Nf3 Nf6 3. Bg5 d5 4. e3 Be7 5. Nbd2 c5 6. c3 Nbd7 7. Bd3 b6 8. O-O
Bb7 9. Ne5 Nxe5 10. dxe5 Nd7 11. Bxe7 Qxe7 12. f4 O-O-O 13. Qe2 f6 14. exf6
gxf6 15. e4 d4 16. a4 Nf8 17. Bb5 Ng6 18. a5 d3 19. Qe3 e5 20. fxe5 Nxe5 21.
axb6 axb6 22. Qf4 Rhf8 23. Rad1 Rd6 24. Nf3 Rfd8 25. Nxe5 Qxe5 26. Qxe5 fxe5
27. Rfe1 Kc7 28. Kf2 Bc6 29. Bxc6 Kxc6 30. Ke3 c4 31. Rf1 Rh6 32. h3 Rg8 33.
Rd2 Rg3+ 34. Rf3 (34. Kf2 Rhg6 35. Rg1 $17) 34... Rxf3+ 35. Kxf3 Rf6+ 36. Ke3
Rf1 37. b3 b5 38. bxc4 bxc4 39. Rf2 Re1+ 40. Kd2 Rxe4 41. g3 Kd5 42. Rg2 Ke6
43. Rf2 h5 44. Rg2 h4 45. g4 Kf6 46. Rf2+ Rf4 47. Rg2 Rf3 48. g5+ Kg6 49. Rg4
Rf2+ 50. Kd1 Rf4 51. Rg2 e4 52. Kd2 Rf3 0-1

[Event "London PD/GLC Knights"]
[Site "London, County Hall"]
[Date "1984.05.01"]
[Round "6"]
[White "Fischdick, Gisela"]
[Black "McKay, Roderick M"]
[Result "0-1"]
[WhiteElo "2215"]
[BlackElo "2355"]
[PlyCount "78"]
[EventDate "1984.04.26"]
[EventType "tourn"]
[EventRounds "15"]
[EventCountry "ENG"]
[EventCategory "4"]
[SourceTitle "BritBase"]
[Source "John Saunders"]
[SourceDate "2020.09.07"]
[SourceVersion "1"]
[SourceVersionDate "2020.09.07"]
[SourceQuality "2"]

1. d4 Nf6 2. c4 e6 3. Nc3 Bb4 4. g3 O-O 5. Bg2 d5 6. Nf3 c5 7. O-O Nc6 8. dxc5
Bxc5 9. cxd5 Nxd5 10. Nxd5 exd5 11. Bg5 f6 12. Rc1 Bb6 13. Bf4 Bf5 14. a3 Be4
15. Bh3 Qe7 16. Nd2 Bg6 17. Nb3 Rad8 18. Re1 Rfe8 19. Qd2 Kh8 20. Bg2 a5 21.
Qd1 Be4 22. Bd2 Qe5 23. Bc3 d4 24. Bd2 Bxg2 25. Kxg2 d3 26. exd3 Qd5+ 27. f3 a4
28. Na1 Qd4 29. Rxe8+ Rxe8 30. Qf1 Qxb2 31. Rc2 Qxa3 32. Bc3 h6 33. Qb1 Nd4 34.
Bxd4 Bxd4 35. Ra2 Qe7 36. Qd1 b5 37. Rd2 Bc3 38. Rf2 Qe1 39. Qxe1 Rxe1 0-1

[Event "London PD/GLC Knights"]
[Site "London, County Hall"]
[Date "1984.05.01"]
[Round "6"]
[White "Jackson, Sheila"]
[Black "Littlewood, Paul E"]
[Result "1-0"]
[WhiteElo "2185"]
[BlackElo "2475"]
[PlyCount "91"]
[EventDate "1984.04.26"]
[EventType "tourn"]
[EventRounds "15"]
[EventCountry "ENG"]
[EventCategory "4"]
[SourceTitle "BritBase"]
[Source "John Saunders"]
[SourceDate "2020.09.07"]
[SourceVersion "1"]
[SourceVersionDate "2020.09.07"]
[SourceQuality "2"]

1. e4 e5 2. Nf3 Nc6 3. Bb5 a6 4. Ba4 Nf6 5. O-O Be7 6. Re1 b5 7. Bb3 O-O 8. d3
d6 9. Bd2 Bg4 10. h3 Bh5 11. c3 d5 12. exd5 Nxd5 13. g4 Bg6 14. Nxe5 Nxe5 15.
Rxe5 Nb6 16. d4 Bd6 17. Bg5 Qd7 18. Re1 Nc4 19. Bxc4 bxc4 20. Nd2 Qb5 21. Be7
Bxe7 22. Rxe7 Rae8 23. Rxc7 f5 24. Nxc4 Qb8 25. Rc5 fxg4 26. Ne5 gxh3 27. Qb3+
Qxb3 28. axb3 Be4 29. Re1 Ba8 30. f3 Rd8 31. Re3 Rf4 32. Kh2 Rdf8 33. d5 g5 34.
Kxh3 Bb7 35. Kg3 Bc8 36. d6 Bf5 37. d7 Rd8 38. Rd5 Kg7 39. Re2 h5 40. Red2 h4+
41. Kh2 Kf6 42. Rd6+ Be6 43. Nc6 Rxd7 44. Rxd7 Bxd7 45. Rxd7 Rxf3 46. Rf7+ 1-0

[Event "London PD/GLC Knights"]
[Site "London, County Hall"]
[Date "1984.05.01"]
[Round "6"]
[White "McNab, Colin Anderson"]
[Black "Cox, John J"]
[Result "1-0"]
[WhiteElo "2375"]
[BlackElo "2350"]
[PlyCount "83"]
[EventDate "1984.04.26"]
[EventType "tourn"]
[EventRounds "15"]
[EventCountry "ENG"]
[EventCategory "4"]
[SourceTitle "BritBase"]
[Source "John Saunders"]
[SourceDate "2020.09.07"]
[SourceVersion "1"]
[SourceVersionDate "2020.09.07"]
[SourceQuality "2"]

1. c4 c5 2. b3 Nf6 3. Bb2 Nc6 4. Nf3 d5 5. cxd5 Nxd5 6. g3 f6 7. Bg2 e5 8. O-O
Be7 9. Nc3 Be6 10. Nh4 Nxc3 11. Bxc3 O-O 12. d3 Qd7 13. f4 exf4 14. gxf4 Rad8
15. f5 Bf7 16. Kh1 Bd6 17. Rg1 Be5 18. Rc1 Bxc3 19. Rxc3 b6 20. Bxc6 Qxc6+ 21.
e4 Be8 22. Qg4 Qc7 23. Ng2 Bc6 24. Nf4 Rf7 25. h3 Rdd7 26. Kh2 b5 27. Rg3 Qe5
28. Rc2 b4 29. h4 a5 30. Kh3 Qa1 31. Qf3 Qe5 32. Ne6 c4 33. bxc4 a4 34. Qe3
Rfe7 35. Qb6 Bb7 36. c5 Bc8 37. c6 Rd6 38. Qb8 Rdxe6 39. Qxc8+ Re8 40. Qb7 R6e7
41. c7 Qa1 42. Kh2 1-0

[Event "London PD/GLC Knights"]
[Site "London, County Hall"]
[Date "1984.05.01"]
[Round "6"]
[White "Nicholson, John G"]
[Black "Crouch, Colin S"]
[Result "1/2-1/2"]
[WhiteElo "2260"]
[BlackElo "2300"]
[PlyCount "60"]
[EventDate "1984.04.26"]
[EventType "tourn"]
[EventRounds "15"]
[EventCountry "ENG"]
[EventCategory "4"]
[SourceTitle "BritBase"]
[Source "John Saunders"]
[SourceDate "2020.09.07"]
[SourceVersion "1"]
[SourceVersionDate "2020.09.07"]
[SourceQuality "2"]

1. e4 c5 2. Nf3 d6 3. d4 cxd4 4. Nxd4 Nf6 5. Nc3 Nc6 6. Bg5 e6 7. Qd2 Nxd4 8.
Qxd4 Bd7 9. O-O-O Qa5 10. Bd2 a6 11. Be2 Bc6 12. f3 Nd7 13. Kb1 Qc5 14. Be3
Qxd4 15. Rxd4 Be7 16. Rhd1 O-O 17. f4 b5 18. a3 Rfb8 19. f5 Nf6 20. Bf3 e5 21.
R4d2 b4 22. axb4 Rxb4 23. Bg5 Rab8 24. b3 a5 25. Bxf6 gxf6 26. Nd5 Bxd5 27.
Rxd5 a4 28. R1d3 axb3 29. Rxb3 Rxb3+ 30. cxb3 Rxb3+ 1/2-1/2

[Event "London PD/GLC Knights"]
[Site "London, County Hall"]
[Date "1984.05.02"]
[Round "7"]
[White "Cox, John J"]
[Black "Britton, Richard"]
[Result "0-1"]
[WhiteElo "2350"]
[BlackElo "2310"]
[PlyCount "80"]
[EventDate "1984.04.26"]
[EventType "tourn"]
[EventRounds "15"]
[EventCountry "ENG"]
[EventCategory "4"]
[SourceTitle "BritBase"]
[Source "John Saunders"]
[SourceDate "2020.09.07"]
[SourceVersion "1"]
[SourceVersionDate "2020.09.07"]
[SourceQuality "2"]

1. e4 c5 2. Nf3 d6 3. d4 cxd4 4. Nxd4 Nf6 5. Nc3 a6 6. a4 e5 7. Nf3 Be6 8. Ng5
Qc7 9. Nxe6 fxe6 10. g3 Nbd7 11. Bh3 Nc5 12. O-O Be7 13. b4 Ncd7 14. Qd3 Rc8
15. Bd2 Kf7 16. a5 Rhd8 17. Rfc1 Qc4 18. Rab1 d5 19. Bf1 Qc6 20. Bg2 Nf8 21.
Qe2 Qc4 22. Bf1 Qxe2 23. Bxe2 d4 24. Na4 Nxe4 25. Be1 Bg5 26. Rd1 Nd7 27. Bf3
Nd6 28. h4 Bf6 29. Nc3 Be7 30. Ne4 Nb5 31. Rbc1 Rc7 32. Kg2 Rdc8 33. Ng5+ Bxg5
34. hxg5 Nd6 35. c3 Ke7 36. Bd2 e4 37. Bg4 Ne5 38. Be2 d3 39. Bf1 Nec4 40. Bf4
e5 0-1

[Event "London PD/GLC Knights"]
[Site "London, County Hall"]
[Date "1984.05.02"]
[Round "7"]
[White "Crouch, Colin S"]
[Black "Lawton, Geoffrey W"]
[Result "1/2-1/2"]
[WhiteElo "2300"]
[BlackElo "2395"]
[PlyCount "48"]
[EventDate "1984.04.26"]
[EventType "tourn"]
[EventRounds "15"]
[EventCountry "ENG"]
[EventCategory "4"]
[SourceTitle "BritBase"]
[Source "John Saunders"]
[SourceDate "2020.09.07"]
[SourceVersion "1"]
[SourceVersionDate "2020.09.07"]
[SourceQuality "2"]

1. d4 Nf6 2. c4 e6 3. Nf3 c5 4. d5 exd5 5. cxd5 d6 6. Nc3 g6 7. Bf4 Bg7 8. Qa4+
Bd7 9. Qb3 Qc7 10. e4 O-O 11. e5 Re8 12. Be2 dxe5 13. Bxe5 Qc8 14. O-O Bg4 15.
Rfe1 a6 16. h3 Bxf3 17. Bxf3 c4 18. Qb4 Nbd7 19. Bxf6 Nxf6 20. d6 Rb8 21. Red1
Rd8 22. Qb6 Rd7 23. Rac1 Qd8 24. Na4 Ne8 1/2-1/2